Angers SCO Squad 2024-2025 - Statistics

General Stats
  • This quiz has been taken 42 times
    25 since last reset
  • The average score is 19 of 32
Answer Stats
# Position Nation Player % Correct
10 MF Algeria Himad Abdelli
93%
19 FW France Esteban Lepaul
80%
30 GK Ivory Coast Yahia Fofana
80%
7 FW Senegal Ibrahima Niane
73%
6 MF Ivory Coast Jean-Eudes Aholou
73%
21 DF France Jordan Lefort
73%
9 FW France Loïs Diony
73%
- Coach France Alexandre Dujeux
67%
99 FW Senegal Bamba Dieng
67%
93 MF Algeria Haris Belkebla
67%
18 FW Gabon Jim Allevinah
67%
25 DF Ivory Coast Abdoulaye Bamba
60%
2 DF Haiti Carlens Arcus
60%
22 DF Benin Cédric Hountondji
60%
28 FW Algeria Farid El Melali
60%
26 DF France Florent Hanin
60%
3 DF Gabon Jacques Ekomié
60%
5 DF France Marius Courcoul
60%
16 GK France Melvin Zinga
60%
15 MF France Pierrick Capelle
60%
20 FW Algeria Zinedine Ferhat
60%
29 DF France Ousmane Camara
53%
11 FW France Sidiki Chérif
53%
24 MF France Emmanuel Biumla
47%
8 MF Senegal Joseph Lopy
47%
27 DF France Lilian Raolisoa
47%
14 MF Morocco Yassin Belkhdim
47%
12 MF France Zinédine Ould Khaled
47%
17 FW France Justin-Noël Kalumba
40%
23 FW France Adrien Hunou
33%
40 GK France Oumar Pona
33%
45 FW France Guédé Nadje
13%
No matching quizzes found
Score Distribution
Percent of People with Each Score
Percentile by Number Answered
Your Score History
You have not taken this quiz since the last reset